00389 a2200121 4500001001000000005001700010008004100027245005900068100002300127700003200150773006800182999001700250ART_1230220260410161905.0260409a 10aThe demand for deductibles in private health insurance1 aVan Praag, Bernard1 avan de Ven, Wynand P. M. M.0 tJournal of econometricsg- Vol. 17, NÂș 2 (nov. 1981)wREV11720 c26250d26250